| 000 | 00494nam a2200193Ia 4500 | ||
|---|---|---|---|
| 008 | 170918s9999 xx 000 0 und d | ||
| 020 | _a9781442434288 | ||
| 050 | _bP119u 2013 | ||
| 100 | _aPackard, Eduard | ||
| 245 | 4 | _aThe forbidden castle / | |
| 245 | _cby Eduard Packard ; illustrated by Drew Willis. | ||
| 260 | _aNew York : | ||
| 260 | _bSimon & Schuster, | ||
| 260 | _c2013 | ||
| 300 | _a184 pages : | ||
| 300 | _billustrations ; | ||
| 300 | _c19cm. | ||
| 300 | _eU-ventures. | ||
| 999 |
_c344269 _d344269 |
||